000 00490nam a2200169 i 4500
001 99068
003 ES-MaACL
005 20230906182431.0
007 t|
008 051117s1963 sp ||||1| spa d
080 _a821.134.2(729.5)-4"19"
100 1 _aRivera Landrón, Francisco.
_997657
245 1 0 _aCifra y signo
_b: prosa ensayística /
_cFrancisco Rivera Landrón.
260 _aBarcelona :
_bRumbos,
_c1963.
300 _a139 p. ;
_c22 cm.
852 _aES-MaACL
_jE-11077
_bR.136721
999 _c99068
_d99068